| 000 | 00877nam a2200265 a 4500 | ||
|---|---|---|---|
| 001 | 000033163 | ||
| 003 | OSt | ||
| 005 | 20240412074257.0 | ||
| 008 | 110818s1962 dr 000 0 spa d | ||
| 040 |
_aDO-SdBNP _bspa _cBNPHU |
||
| 082 | 4 |
_aRD 863.44 _bC768o |
|
| 100 | 1 |
_aContreras, Hilma, _d1913-2006 _914873 |
|
| 245 | 1 | 3 |
_aEl ojo de Dios : _bcuentos de la clandestinidad / _cHilma Contreras. |
| 246 | 1 | 4 | _aLa patria triste: cuentos de la clandestinidad |
| 260 |
_aSanto Domingo : _bEdiciones Brigadas Dominicanas, _c1962. |
||
| 300 |
_a26 p. ; _c23 cm. |
||
| 490 | 1 | _aBaluarte | |
| 500 | _aIncluye en la portada dibujo "La patria triste", Ivan Tovar | ||
| 590 | _aInventariado, 2019/VM | ||
| 650 | 0 |
_aCuentos dominicanos _9176 |
|
| 650 | 0 |
_aLiteratura dominicana. _967 |
|
| 830 | 0 |
_aBaluarte _935758 |
|
| 910 | _aValidado. Control de calidad MFF | ||
| 942 |
_2ddc _cLBS1 |
||
| 999 |
_c32654 _d32654 |
||